Bundesliga Teams 25/26 - Sudden Death - Statistiken

Allgemein
  • Dieses Quiz wurde 471 mal gespielt
  • Das Durchschnittsergebnis liegt bei 16 aus 18
Answers on the Grid
Answers color-coded by a green-red scale on the quiz's grid according to % correct below.
1. FC Heidenheim
1. FC Kaiserslautern
1. FC Köln
1. FC Nürnberg
1. FC Union Berlin
1. FSV Mainz 05
1860 München
Bayer 04 Leverkusen
Borussia Dortmund
Borussia Mönchengladbach
DSC Arminia Bielefeld
Eintracht Frankfurt
FC Augsburg
FC Bayern München
FC Schalke 04
FC St. Pauli
Fortuna Düsseldorf
Hamburger SV
Hannover 96
Hertha BSC
Holstein Kiel
RB Leipzig
SC Freiburg
SC Paderborn
SV Elversberg
TSG 1899 Hoffenheim
VfB Stuttgart
VfL Bochum
VfL Wolfsburg
Werder Bremen
 
Antwortstatistiken
Antwort % Korrekt
Borussia Dortmund
96%
1. FC Heidenheim
95%
Eintracht Frankfurt
95%
Bayer 04 Leverkusen
94%
Borussia Mönchengladbach
94%
FC Augsburg
94%
1. FSV Mainz 05
93%
FC Bayern München
93%
1. FC Köln
92%
1. FC Union Berlin
92%
FC St. Pauli
89%
Hamburger SV
89%
RB Leipzig
87%
VfB Stuttgart
87%
VfL Wolfsburg
86%
SC Freiburg
85%
Werder Bremen
85%
TSG 1899 Hoffenheim
84%
Keine übereinstimmenden Quizze gefunden
Verteilung der Resultate
Anzahl Personen mit jedem Resultat
Perzentil nach korrekt beantworteten Fragen
Ihre Resultats-Entwicklung
Sie haben dieses Quiz noch nicht gespielt